ՀՀ Գիտությունների ազգային ակադեմիայի հիմնարար գիտական գրադարան  =   Fundamental Scientific Library of NAS RA

Մեծամոր / (Record no. 527344)

MARC details
000 -LEADER
fixed length control field 01590nam a2200289 a 4500
001 - CONTROL NUMBER
control field 1822796
003 - CONTROL NUMBER IDENTIFIER
control field AM-YEHGA
005 - DATE AND TIME OF LATEST TRANSACTION
control field 20250617164645.0
008 - FIXED-LENGTH DATA ELEMENTS--GENERAL INFORMATION
fixed length control field 220310s2019 ai a|||gr|||||||||0|arm|d
020 ## - INTERNATIONAL STANDARD BOOK NUMBER
International Standard Book Number 9789939867502
040 ## - CATALOGING SOURCE
Original cataloging agency AM-YeHGA
041 0# - LANGUAGE CODE
Language code of text/sound track or separate title arm
090 ## - LOCALLY ASSIGNED LC-TYPE CALL NUMBER (OCLC); LOCAL CALL NUMBER (RLIN)
-- 565331
100 1# - MAIN ENTRY--PERSONAL NAME
Personal name Փիլիպոսյան, Աշոտ
245 10 - TITLE STATEMENT
Title Մեծամոր /
Statement of responsibility, etc. Ա․ Փիլիպոսյան, Ք․ Յակուբյակ ; Խմբագիրներ՝ Ա․ Փիլիպոսյան, Կ․ Փահլևանյան, Կ․ Բազեյան ; Ձևավորող՝ Ս․ Սահակյան, Լ․ Գևորգյան ; «Պատմամշակութային արգելոց-թանգարանների և պատմական միջավայրի պահպանության ծառայություն» ՊՈԱԿ․
260 ## - PUBLICATION, DISTRIBUTION, ETC.
Place of publication, distribution, etc. Երևան :
Name of publisher, distributor, etc. «Հայրապետ» հրատ․,
Date of publication, distribution, etc. 2019․
300 ## - PHYSICAL DESCRIPTION
Extent [48] էջ :
Other physical details գունավոր նկ. ;
Dimensions 20x20 սմ․
650 14 - SUBJECT ADDED ENTRY--TOPICAL TERM
Topical term or geographic name entry element Հնագիտություն
General subdivision Պատմություն
650 14 - SUBJECT ADDED ENTRY--TOPICAL TERM
Topical term or geographic name entry element Պատմամշակութային արգելոց-թանգարաններ
General subdivision Մեծամոր
700 1# - ADDED ENTRY--PERSONAL NAME
Personal name Յակուբյակ, Ք․
700 1# - ADDED ENTRY--PERSONAL NAME
Personal name Փահլևանյան, Կարեն
Relator term խմբ.
Relationship edt
700 1# - ADDED ENTRY--PERSONAL NAME
Personal name Բազեյան, Կարինե
Relator term խմբ.
Relationship edt
700 1# - ADDED ENTRY--PERSONAL NAME
Personal name Սահակյան, Սիմոն
Relator term ձևավորող
Relationship dsn
700 1# - ADDED ENTRY--PERSONAL NAME
Personal name Գևորգյան, Լիլիթ
Relator term ձևավորող
Relationship dsn
710 2# - ADDED ENTRY--CORPORATE NAME
Corporate name or jurisdiction name as entry element «Պատմամշակութային արգելոց-թանգարանների և պատմական միջավայրի պահպանության ծառայություն» ՊՈԱԿ
942 ## - ADDED ENTRY ELEMENTS (KOHA)
Source of classification or shelving scheme Universal Decimal Classification
Koha item type Գրքեր / Books
Holdings
Withdrawn status Lost status Source of classification or shelving scheme Damaged status Not for loan Collection Home library Current library Date acquired Total checkouts Full call number Barcode Date last seen Price effective from Koha item type Public note
    Universal Decimal Classification     General Fundamental Scientific Library Fundamental Scientific Library 17/03/2023   AII/109697 FL0678502 17/03/2023 17/03/2023 Գրքեր / Books 30 Days Loan


ՀՀ ԳԱԱ հիմնարար գիտական գրադարան
ՀՀ,Երևան 0019
Մարշալ Բաղրամյան 24/6
հեռախոս:(374-10) 52-47-50
Հետադարձ կապ

All site content, except where otherwise noted, is licensed under a
Creative Commons License